000 01139nam a22002777a 4500
008 081212t xxu||||| |||| 00| 0beng d
010 _aENG-98097
020 _c595.00
_a9788183242448
020 _c595.00
_a8183242448
035 _aEN-81630
037 _bDBAD / PUB
040 _adpl
_bEnglish
082 _a305.800954133
100 _93724
_aMahapatra, L.K.
245 _aThe challenges of self-managed development:
_cby L.K. Mahapatra [and] R.P. Mohanty
_bthe "fierce" hill bonda case /
260 _aNew Delhi
_bMittal Publications
_c2009
270 _a4594/9, Daryaganj,
_bNew Delhi
_e110002
300 _axxiv, 183p.
_c23cm (Hb)
_bill
500 _aIncludes bibliographicals references and index
600 _aBaba Visakha Singh
_xBiography.
_93725
650 _95193
_aBindo (India people) economic conditional
650 _aBondo (India people) social conditional
_95855
700 _95791
_aMohanty, R.P.
942 _2ddc
_cEN
_mMAH
_h305.800954133
999 _c39178
_d39178